000 00628nam a22002057a 4500
001 86265
003 BD-RjUL
005 20260330110150.0
008 260330s1954 p ||||| |||| 00| 0 urd d
035 _a(BD-RjUL)86265
040 _aBD-RjUL
_beng
_cBD-RjUL
041 _aurd
082 _223
_a891.4392
_bRAM 1954
100 _a رحمانی، عشرت ;; Rahmani, Ishrat
_917896
245 _aمکمل ڈرامہ خواب ہستی ;; makmal daramah khwab hasti /
_cعشرت رحمانی ;; Ishrat Rahmani
260 _aLahore :
_bUrdu makaj ,
_c1954
300 _a112 p. ;
_c17 cm
650 _aUrdu Drama
942 _2ddc
_cBK
999 _c86265
_d86265